| 000 | 00845cam a2200277 a 4500 | ||
|---|---|---|---|
| 001 | 000019585 | ||
| 005 | 20200929170051.0 | ||
| 008 | 740612s1981 sp 000 d spa d | ||
| 020 | _a8423915379 | ||
| 035 | _a(OCoLC)917246 | ||
| 040 |
_aDO-SdBNP _cOU _dOCoLC _dDLC |
||
| 082 |
_a862.6 _bM636tr, 1981 |
||
| 100 | 1 |
_aMihura, Miguel, _d1905-1977 _93535 |
|
| 245 | 1 | 0 |
_aTres sombreros de copa / _cMiguel Mihura. |
| 250 | _a5a ed. | ||
| 260 |
_aMadrid : _bEspasa-Calpe, _c1981. |
||
| 300 |
_a205 p. ; _c18 cm. |
||
| 490 | 0 |
_aAustral. Violeta: teatro y poesía _v1537 |
|
| 500 | _aPlays. | ||
| 650 | 4 |
_aTeatro español _93071 |
|
| 650 | 4 |
_aLiteratura española _9632 |
|
| 700 | 1 | 2 |
_tMaribel y la extraña familia. _942007 |
| 830 | 0 |
_aAustral. _pVioleta: teatro y poesía; _v1537 _939559 |
|
| 910 | _aCatalogación derivada / LC | ||
| 910 | _aWM | ||
| 999 |
_c19101 _d19101 |
||